Arbres des climats tropicaux - Statistiques

Statistiques générales
  • Ce quiz a été pris 153 fois
  • Le résultat moyen est 6 sur 16
Statistiques - réponses
Par images Réponse % Correct
Palmier-dattier
93%
Baobab
89%
Bananier
75%
Bambou
72%
Cocotier
64%
Eucalyptus
35%
Manguier
32%
Palétuvier
30%
Arbre du voyageur
24%
Flamboyant
22%
Hévéa
16%
Arbre à pain
11%
Désespoir du singe
11%
Fromager
9%
Avocatier
7%
Calebassier
1%
Aucun quiz correspondant
Distribution des résultats
% des personnes avec chaque résultat
Percentile par nombre de réponses
Votre historique - résultats
Vous n’avez pas pris ce quiz